=LDR 00000nam 2200000 4500 =001 INLIS000000000047400 =005 20170313094555.0 =006 =007 =008 =035 ##$$0010-111500000000004 =082 ##$$a 621.37 =090 ##$$a 621.37 Hay r =100 ##$$a William H. Hayt, Jr =245 ##$$a Rangkaian Listrik jil.2 ed.4 =250 ##$$a ed. 4 =260 ##$$a Jakarta $b Erlangga $c 1992 =300 ##$$a 271 hlm $b ilus $c 21 cm =990 ##$$a 0001/BPAP-NTB/2015 =990 ##$$a 0001/BPAP-NTB/2015 =990 ##$$a 21602140/BPAP-NTB/2017